000 00615nam a2200181Ia 4500
008 100920s9999 xx 000 0 und d
082 _b64692
_a51 थ 85
100 _aText1
245 _aसाद सागराची.
260 _bमहाराष्ट्र राज्य साहित्य आणि संस्कृति मंडळ, मुंबई.
_c1985
300 _a137
_bसाधी
365 _b28
520 _aचरित्र.
630 _aसाद सागराची.
650 _aचरित्र.
730 _aसाद सागराची.
942 _cBOOK
999 _c707687
_d707684